LEADER 01144nam a2200277 4500 001 000000361435 003 CaOOAMICUS 005 20250124105724.0 008 250124s2003 xxka 000 u eng r 020 $a1-85759-292-1 020 $a978-1-85759-292-4 040 $aSeMil$bita 100 1 $aPicasso, Pablo <1881-1973>.$0(OLS)http://semarc/name/34947 245 10$aPicasso: Guernica /$c[text Miranda Harrison]. 264 1$aLondon :$bScala Publishers,$c2003. 300 $a[4] carte di tav. ripieg. :$bill. ;$c18 cm 650 4$aPicasso, Pablo <1881-1973> . Guernica.$0(OLS)http://semarc/subject/33874 700 1 $aHarrison, Miranda.$0(OLS)http://semarc/name/121364 850 $aSeMil 852 $aSeMil$W1$xVenegono$y1$m5G I 112$j254561$B252398$CSeMilBibl$Z2$F252398 $81 961 $aCucchetti don Stefano - Omaggio 996 $6020$a1-85759-292-1$9(OLS)http://semarc/number/302289 996 $6020$a978-1-85759-292-4$9(OLS)http://semarc/number/302290 996 $6245$aPicasso: Guernica$9(OLS)http://semarc/title/452163 996 $6264$aLondon :$bScala Publishers$9(OLS)http://semarc/publisher/62202 LEADER 01330nam a2200289 i 4500 001 000000045596 003 CaOOAMICUS 005 20101117000000.0 008 101117s1992 it u000 u ita u 013 $a16766 020 $a88-215-2461-2 040 $aSeMil$bita 100 1 $aFraccaroli, Arnaldo,$d<1882-1956>.$0(OLS)http://semarc/name/5714 245 10$aGiacomo Lercaro :$bil cardinale che io ho conosciuto /$cArnaldo Fraccaroli ; prefazione di Giacomo Biffi. 260 $aCinisello Balsamo (MI) :$bPaoline,$c1992. 300 $a255 p., [4] p. di tav. ;$c23 cm. 490 0 $aI protagonisti ;$v11 500 $aFondo Conti. - Contiene : scritto autografo del donatore. 600 14$aLercaro, Giacomo .$0(OLS)http://semarc/subject/7456 700 1 $aBiffi, Giacomo,$c.$0(OLS)http://semarc/name/4783 830 2$aI protagonisti ;$v11.$0(OLS)http://semarc/title/5908 850 $aSeMil 852 $aSeMil$W1$xVenegono$y1$m3J I 272$j11751$B11751$CSeMilBibl$Z2$F11751 $81 961 $aOmaggio: Conti Franco 996 $6020$a88-215-2461-2$9(OLS)http://semarc/number/17852 996 $6245$aGiacomo Lercaro :$bil cardinale che io ho conosciuto$9(OLS)http://semarc/title/67843 996 $6260$aCinisello Balsamo (MI) :$bPaoline$9(OLS)http://semarc/publisher/29714